| 000 | 00587nam a2200205Ia 4500 | ||
|---|---|---|---|
| 003 | OSt | ||
| 005 | 20240612152157.0 | ||
| 008 | 210210b1955 xxu||||| |||| 00| 0 eng d | ||
| 040 | _cAL | ||
| 041 | _aKannada | ||
| 082 | _aK894.4 BOLM | ||
| 100 |
_aBOLA BANDEPPA _dಬೋಳ ಬಂಡೆಪ್ಪ _9170303 |
||
| 245 |
_aAyda lekhanagala male. _bಆಯ್ದ ಲೇಖನಗಳ ಮಾಲೆ |
||
| 260 |
_aBengaluru _bDalita Sahitya Sanghatane _c1955 |
||
| 300 | _aviii,48 | ||
| 650 |
_aBandaya Dalita _9170304 |
||
| 690 |
_aKannada Prose _9170305 |
||
| 906 | _a040008 | ||
| 942 |
_2ddc _cBK |
||
| 999 |
_c89636 _d89636 |
||